000 00606ntaaa2200217 4500
003 01
005 20251027203205.0
008 0714s1973 ag 01
020 _a9874366516
040 _aAR-BaBN
_bspa
_cAR-BaBN
_eaacr
_dRIC
082 _a248 C45m
100 _aChoon Sok Yoon, Abraham
_933583
245 _aMisión puesta en acción
250 _a1 ed.
260 _aBuenos Aires :
_bTiempo latino,
_c2004
300 _a219 p ;
_c21 cm
500 _aLas mejores editoriales y notas del periódico evangélico Tiempo Latino
650 _aMISCELANEAS
_933584
650 _aVIDA CRISTIANA
942 _cBK
999 _c27375
_d27375